000 00531nam a2200181Ia 4500
999 _c3301
_d3301
003 OSt
005 20200818113443.0
008 190216s9999||||xx |||||||||||||| ||und||
020 _a9788122408355
040 _coclc
082 _a541.0421
_bCHA/S
100 _aChakrabarty, D K
_94181
245 0 _aSolid State Chemistry /
_cD K Chakrabarty
260 _bNew Age International Publishers,
_c2002.
_aNew Delhi:
300 _a259p
650 _aChemistry
942 _cBK
_2ddc
_h541.0421
_iCHA/S
_k541.0421
_mCHA/S